Szczegóły MARC21

Finanse w niestabilnym otoczeniu - dylematy i wyzwania : ubezpieczenia /

003 -Nazwa inst., której nr kontr. jest w polu 001 [,]
    • @
    • Nazwa instytucji, której n kontrolny jest w polu 001
    • NUKAT
005 -DATA I CZAS OSTATNIEJ MODYFIKACJI [,]
    • @
    • pole kontrolne
    • 20241231091829.0
020 -Międzynarod. znormalizowany nr książki - ISBN [ , ]
    • a
    • Numer ISBN
    • 9788378750086 Find
040 -Instytucja sporządzająca opis [ , ]
    • a
    • Instytucja, która sporządziła opis (NP)
    • KAT 001/KC
    • c
    • Instytucja, która sporządziła rekord (NP)
    • KAT 001/KC
    • d
    • Instytucja, która zmodyfikowała rekord (P)
    • KAT 001/ZPs
    • d
    • Instytucja, która zmodyfikowała rekord (P)
    • KAT 001/PD
041 -Język dokumentu [0, ]
    • a
    • Język tekstu (P)
    • polski
    • a
    • Język tekstu (P)
    • angielski
    • b
    • Język streszczeń lub abstraktu (P)
    • angielski
    • b
    • Język streszczeń lub abstraktu (P)
    • polski
942 -Rodzaj dokumentu [ , ]
    • c
    • Rodzaj dokumentu
    • Książka
245 -Strefa tytułu i oznaczenia odpowiedzialności [0,0]
    • a
    • Tytuł
    • Finanse w niestabilnym otoczeniu - dylematy i wyzwania : Find
    • b
    • Ciąg dalszy tytułu (NP)
    • ubezpieczenia / Find
    • c
    • Pozostałe elementy strefy tytułu i oznaczenia odpowiedzialności (NP)
    • red. nauk. Krystyna Znaniecka, Monika Wieczorek-Kosmala.
260 -Strefa adresu wydawniczego [ , ]
    • a
    • Miejsce wydania (P)
    • Katowice :
    • b
    • Nazwa wydawcy (P)
    • Wydawnictwo Uniwersytetu Ekonomicznego,
    • c
    • Data wydania (P)
    • 2012.
300 -Strefa opisu fizycznego [ , ]
    • a
    • Określenie formy książki i/lub objętość (NP)
    • 136 s. :
    • b
    • Oznaczenie ilustracji (NP)
    • il. ;
    • c
    • Format (NP)
    • 24 cm.
336 -Typ zawartości [ , ]
    • a
    • Termin opisujący typ zawartości
    • Tekst
    • b
    • Kod określający zawartość
    • txt
    • 2
    • Źródło (terminu i kodu)
    • rdacontent
337 -Typ mediów [ , ]
    • a
    • Tryb odtwarzania
    • Bez urządzenia pośredniczącego
    • b
    • Kod typu mediów
    • n
    • 2
    • Źródło (terminu i kodu)
    • rdamedia
338 -Typ/rodzaj nośnika [ , ]
    • a
    • Hasło opisujące typ nośnika
    • Wolumin
    • b
    • Kod typu nośnika
    • nc
    • 2
    • Źródło (terminu i kodu)
    • rdacarrier
490 -Strefa serii i książki wielotomowej - forma nie do wyszukiwania [1, ]
    • a
    • Tytuł (P)
    • Zeszyty Naukowe Wydziałowe Uniwersytetu Ekonomicznego w Katowicach. Studia Ekonomiczne, Find
    • x
    • ISSN (NP)
    • 2083-8611 ;
    • v
    • Numeracja (P)
    • 109
830 -Hasło dodatkowe serii i opisu książki wielotomowej - tytuł ujednolicony/tytuł [ ,0]
    • a
    • Tytuł ujednolicony/tytuł (NP)
    • Studia Ekonomiczne - Uniwersytet Ekonomiczny w Katowicach
    • x
    • ISSN
    • 2083-8611
    • v
    • Oznaczenie tomu (NP)
    • 109
    • 9
    • KHW
    • 28717
504 -Uwaga dot. bibliogr. załącznikowej [ , ]
    • a
    • Uwaga dot. bibliografii załącznikowej
    • Bibliogr. przy pracach.
546 -Uwaga dot. języka [ , ]
    • a
    • Uwaga dot. języka
    • Tekst częśc. w jęz. ang.
546 -Uwaga dot. języka [ , ]
    • a
    • Uwaga dot. języka
    • Streszcz. ang. lub pol. przy pracach.
080 -Uniwersalna Klasyfikacja Dziesiętna [ , ]
    • 2
    • Identyfikator wydania tablic
    • UDC-P058
    • 9
    • UKD
    • 3177
    • a
    • Symbol klasyfikacji
    • 336.722.8:336.767
    • b
    • Dopowiedzenie
    • Zarządzanie inwestowaniem kapitału w papierach wartościowych. Fundusze powiernicze. Fundusze ubezpieczeniowe.
080 -Uniwersalna Klasyfikacja Dziesiętna [ , ]
    • 2
    • Identyfikator wydania tablic
    • UDC-P058
    • 9
    • UKD
    • 3797
    • a
    • Symbol klasyfikacji
    • 368
    • b
    • Dopowiedzenie
    • Ubezpieczenia dobrowolne (nie wynikające ze stosunku pracy). Ubezpieczenia gospodarcze.
080 -Uniwersalna Klasyfikacja Dziesiętna [ , ]
    • 2
    • Identyfikator wydania tablic
    • UDC-P058
    • 9
    • UKD
    • 3212
    • a
    • Symbol klasyfikacji
    • 338.124
    • b
    • Dopowiedzenie
    • Spadek koniunktury. Recesja. Kryzys.
650 -Hasło przedmiotowe [ ,7]
    • a
    • Hasło przedmiotowe
    • Ubezpieczenie.
    • 2
    • Źródło terminu
    • kaba
    • 9
    • KHW
    • 134231
650 -Hasło przedmiotowe [ ,7]
    • a
    • Hasło przedmiotowe
    • Kryzys gospodarczy (2008).
    • 2
    • Źródło terminu
    • kaba
    • 9
    • KHW
    • 190822
980 -Symbol UKD [ , ]
    • a
    • UKD
    • 336.722.8:336.767:368:338.124
700 -Hasło dodatkowe - nazwa osobowa [1, ]
    • a
    • Nazwa osobowa (NP)
    • Znaniecka, Krystyna Find
    • d
    • Daty biograficzne (NP)
    • (1940-2021).
    • e
    • Określenie rodzaju współpracy
    • Red.
    • 9
    • KHW
    • 44567
700 -Hasło dodatkowe - nazwa osobowa [1, ]
    • a
    • Nazwa osobowa (NP)
    • Wieczorek-Kosmala, Monika. Find
    • e
    • Określenie rodzaju współpracy
    • Red.
    • 9
    • KHW
    • 26003
856 -Dostęp do wersji elektronicznej [4,1]
920 -ISBN [ , ]
    • a
    • ISBN
    • 978-83-7875-008-6 Find
931 -Powiązanie tyt. z wydaw. ciągłym [ , ]
    • a
    • Powiązanie tytułówki z wydaw. ciągłym
    • PATRZ WYDAWNICTWO CIĄGŁE
    • z
    • Numer rek. powiązanego
    • 169716